00267nam a22000977a 4500008004100000020001800041100002100059245002900080260005200109300000800161260530b |||||||| |||| 00| 0 eng d a9789381275597 aNagasampige, A V aSrimadjnmastami Nirnayah aBangalorebPoorna Prajna Samshodhan Trustc2022 a84p